Made in Bhutan: (Record no. 7628)

MARC details
000 -LEADER
fixed length control field 00333nam a22001217a 4500
008 - FIXED-LENGTH DATA ELEMENTS--GENERAL INFORMATION
fixed length control field 190211b ||||| |||| 00| 0 eng d
020 ## - INTERNATIONAL STANDARD BOOK NUMBER
International Standard Book Number 9789998083103
082 ## - DEWEY DECIMAL CLASSIFICATION NUMBER
Classification number 658.421 L82g 2018
245 ## - TITLE STATEMENT
Title Made in Bhutan:
Remainder of title Entrepreneur stories.
260 ## - PUBLICATION, DISTRIBUTION, ETC.
Place of publication, distribution, etc. Thimphu ;
Name of publisher, distributor, etc. Loden foundation,
Date of publication, distribution, etc. 2018.
300 ## - PHYSICAL DESCRIPTION
Extent 199 p.
Other physical details ill.
Dimensions 27cm.
942 ## - Added entry Elements (Koha)
Source of classification or shelving scheme Dewey Decimal Classification
Holdings
Withdrawn status Lost status Source of classification or shelving scheme Damaged status Not for loan Collection code Home library Current library Shelving location Date acquired Serial Enumeration / chronology Total Checkouts Full call number Barcode Date last seen Date last checked out Price effective from Koha item type Copy number Public note
    Dewey Decimal Classification     Main TEST RTC Library RTC Library Main opac 11/02/2019 13392 2 658.42 ENT 30012859 02/04/2019 19/03/2019 11/02/2019 Main    
    Dewey Decimal Classification     Main TEST RTC Library RTC Library Main opac 24/06/2019 13891 1 658.42 ENT 30006553 28/06/2022 27/05/2022 24/06/2019 Main 2  
    Dewey Decimal Classification     Main TEST RTC Library RTC Library Main opac 24/06/2019 13890   658.42 ENT 30004782 24/06/2019   24/06/2019 Main 3  
    Dewey Decimal Classification     Main TEST RTC Library RTC Library Main opac 11/02/2019 18802   658.42 ENT 30019855 09/09/2024   11/02/2019 Main 4 Donated by Madam Nawang
Royal Thimphu College || All Right Reserved